| 000 | 00488nam a2200193Ia 4500 | ||
|---|---|---|---|
| 005 | 20140405103331.0 | ||
| 008 | 140130s9999 xx 000 0 und d | ||
| 020 | _a059046129x | ||
| 050 |
_aQH 541.5.D4 _b.B36 1992 |
||
| 100 |
_aBaker, Lucy _925392 |
||
| 245 |
_cLucy Baker. _aLife in the deserts / |
||
| 260 |
_bScholastic, _c1992. _aUSA : |
||
| 300 |
_a32 p. : _bcol. ill. ; _c26 cm. |
||
| 440 |
_v1 _931174 |
||
| 521 | _aG8 | ||
| 526 | _c910 | ||
| 942 |
_cBK _2lcc |
||
| 999 |
_c41279 _d41279 |
||